|
|
|
|
| LEADER |
00000caa a22000002c 4500 |
| 001 |
1631977318 |
| 003 |
DE-627 |
| 005 |
20230426213924.0 |
| 007 |
tu |
| 008 |
130522s1984 xx ||||| 00| ||ger c |
| 035 |
|
|
|a (DE-627)1631977318
|
| 035 |
|
|
|a (DE-576)382493850
|
| 035 |
|
|
|a (DE-599)BSZ382493850
|
| 040 |
|
|
|a DE-627
|b ger
|c DE-627
|e rakwb
|
| 041 |
|
|
|a ger
|
| 100 |
1 |
|
|a Bschor, Friedrich
|d 1921-2001
|0 (DE-588)1054566682
|0 (DE-627)79161610X
|0 (DE-576)160461685
|4 aut
|
| 109 |
|
|
|a Bschor, Friedrich 1921-2001
|
| 245 |
1 |
0 |
|a Risiken und Perspektiven der Drogenabhängigkeit
|b Katamnese-Ergebnisse bei 100 Opiatabhängigen der Zugangsjahre 1969-1974
|c F. Bschor; H.-G. Schommer; J. Wessel
|
| 264 |
|
1 |
|c 1984
|
| 336 |
|
|
|a Text
|b txt
|2 rdacontent
|
| 337 |
|
|
|a ohne Hilfsmittel zu benutzen
|b n
|2 rdamedia
|
| 338 |
|
|
|a Band
|b nc
|2 rdacarrier
|
| 700 |
1 |
|
|a Schommer, H.-G.
|4 aut
|
| 700 |
1 |
|
|a Wessel, J.
|4 aut
|
| 773 |
0 |
8 |
|i In
|t Deutsche medizinische Wochenschrift
|d Stuttgart : Thieme, 1875
|g 109(1984), 28/29, Seite 1101-1105
|w (DE-627)129459941
|w (DE-600)200446-X
|w (DE-576)014823845
|x 0012-0472
|7 nnas
|
| 773 |
1 |
8 |
|g volume:109
|g year:1984
|g number:28/29
|g pages:1101-1105
|
| 951 |
|
|
|a AR
|
| ELC |
|
|
|b 1
|
| LOK |
|
|
|0 000 xxxxxcx a22 zn 4500
|
| LOK |
|
|
|0 001 3283483264
|
| LOK |
|
|
|0 003 DE-627
|
| LOK |
|
|
|0 004 1631977318
|
| LOK |
|
|
|0 005 20260220144131
|
| LOK |
|
|
|0 008 130522||||||||||||||||ger|||||||
|
| LOK |
|
|
|0 040
|a DE-21-110
|c DE-627
|d DE-21-110
|
| LOK |
|
|
|0 689
|a s
|a Drogenabhängigkeit
|
| LOK |
|
|
|0 852
|z Kein Bestand am IfK; Nachweis für KrimDok
|
| LOK |
|
|
|0 852
|a DE-21-110
|
| LOK |
|
|
|0 852 1
|m v
|9 00
|
| LOK |
|
|
|0 935
|a k110
|
| LOK |
|
|
|0 938
|k v
|
| LOK |
|
|
|0 939
|a 22-05-13
|b l01
|
| ORI |
|
|
|a WA-MARC-krimdoka001.raw
|